| Поле | Инд. | ПП | Название | Значение |
|---|---|---|---|---|
| Тип записи | a | |||
| Библиографический уровень | m | |||
| 001 | Контрольный номер | RU/IS/BASE/294923406 | ||
| 005 | Дата корректировки | 20140703174020.8 | ||
| 020 | a | ISBN | 978-5-09-016830-4 (2) | |
| a | ISBN | 978-5-09-016838-2 (общ.) | ||
| 040 | a | Служба первич. каталог. | НБ ТвГУ | |
| b | Код языка каталог. | rus | ||
| e | Правила каталог. | PSBO | ||
| 041 | 0_ | a | Код языка текста | rus |
| 080 | a | Индекс УДК | 82.09(075.3) | |
| 080 | a | Индекс УДК | 821.161.1.09(075.3) | |
| 084 | a | Индекс другой классификации/Индекс ББК | Ш5(0)я721-1 | |
| a | Индекс другой классификации/Индекс ББК | Ш5(2=411.2)я721-1 | ||
| 090 | a | Полочн. индекс | Ш5(0) | |
| x | Авторский знак | Л 64 | ||
| 245 | 10 | a | Заглавие | Литература. 8 класс |
| b | Продолж. заглавия | учебник для общеобразовательных учреждений : в 2 ч. | ||
| c | Ответственность | авт.-сост.: В. Я. Коровина, В. П. Журавлев, В. И. Коровин | ||
| n | Номер части/ раздела | Ч. 2 | ||
| 250 | a | Основные сведения об издании | 7-е изд., перераб. | |
| 260 | a | Место издания | Москва | |
| b | Издательство | Просвещение | ||
| c | Дата издания | 2008 | ||
| 300 | a | Объем | 398, [1] с. | |
| b | Иллюстрации/ тип воспроизводства | ил., портр. | ||
| 650 | a | Основная рубрика | Литература | |
| x | Основная подрубрика | История | ||
| x | Основная подрубрика | Учебники для средней школы | ||
| 650 | 14 | a | Основная рубрика | Русская литература |
| x | Основная подрубрика | История | ||
| 653 | a | Ключевые слова | Литература | |
| a | Ключевые слова | Русская литература | ||
| 700 | a | Другие авторы | Коровина Вера Яновна | |
| e | Роль лиц | авт.-сост. | ||
| 700 | 1_ | a | Другие авторы | Журавлев Виктор Петрович |
| e | Роль лиц | авт.-сост. | ||
| 700 | 1_ | a | Другие авторы | Коровин Валентин Иванович |
| e | Роль лиц | авт.-сост. | ||
| 920 | a | Оператор | Густ | |
| 930 | a | Новая/Ретро | учебники | |
| 952 | c | Вид литературы | К ру | |
| 954 | a | Дата поступления на обработку | 20090520 |